<?xml version="1.0" encoding="UTF-8"?><?xml-stylesheet type="text/xsl" href="static/style.xsl"?><OAI-PMH xmlns="http://www.openarchives.org/OAI/2.0/" xmlns:xsi="http://www.w3.org/2001/XMLSchema-instance" xsi:schemaLocation="http://www.openarchives.org/OAI/2.0/ http://www.openarchives.org/OAI/2.0/OAI-PMH.xsd"><responseDate>2026-04-17T09:17:36Z</responseDate><request verb="GetRecord" identifier="oai:riubu.ubu.es:10259/8251" metadataPrefix="marc">https://riubu.ubu.es/oai/request</request><GetRecord><record><header><identifier>oai:riubu.ubu.es:10259/8251</identifier><datestamp>2024-01-10T01:05:23Z</datestamp><setSpec>com_10259_4839</setSpec><setSpec>com_10259_5086</setSpec><setSpec>com_10259_2604</setSpec><setSpec>com_10259_4141</setSpec><setSpec>com_10259_3725</setSpec><setSpec>com_10259_4415</setSpec><setSpec>com_10259_3989</setSpec><setSpec>com_10259.4_106</setSpec><setSpec>col_10259_4840</setSpec><setSpec>col_10259_4142</setSpec><setSpec>col_10259_3726</setSpec><setSpec>col_10259_4416</setSpec></header><metadata><record xmlns="http://www.loc.gov/MARC21/slim" xmlns:doc="http://www.lyncode.com/xoai" xmlns:xsi="http://www.w3.org/2001/XMLSchema-instance" xmlns:dcterms="http://purl.org/dc/terms/" xsi:schemaLocation="http://www.loc.gov/MARC21/slim http://www.loc.gov/standards/marcxml/schema/MARC21slim.xsd">
<leader>00925njm 22002777a 4500</leader>
<datafield tag="042" ind1=" " ind2=" ">
<subfield code="a">dc</subfield>
</datafield>
<datafield tag="720" ind1=" " ind2=" ">
<subfield code="a">Cubo Delgado, Esther</subfield>
<subfield code="e">author</subfield>
</datafield>
<datafield tag="720" ind1=" " ind2=" ">
<subfield code="a">González Deza, Cristina</subfield>
<subfield code="e">author</subfield>
</datafield>
<datafield tag="720" ind1=" " ind2=" ">
<subfield code="a">Ausín Villaverde, Vanesa</subfield>
<subfield code="e">author</subfield>
</datafield>
<datafield tag="720" ind1=" " ind2=" ">
<subfield code="a">Delgado Benito, Vanesa</subfield>
<subfield code="e">author</subfield>
</datafield>
<datafield tag="720" ind1=" " ind2=" ">
<subfield code="a">Sáez Velasco, Sara</subfield>
<subfield code="e">author</subfield>
</datafield>
<datafield tag="720" ind1=" " ind2=" ">
<subfield code="a">Calvo Simal, Sara</subfield>
<subfield code="e">author</subfield>
</datafield>
<datafield tag="720" ind1=" " ind2=" ">
<subfield code="a">García Soto, Xose Ramón</subfield>
<subfield code="e">author</subfield>
</datafield>
<datafield tag="720" ind1=" " ind2=" ">
<subfield code="a">Cordero Guevara, José</subfield>
<subfield code="e">author</subfield>
</datafield>
<datafield tag="720" ind1=" " ind2=" ">
<subfield code="a">Kompoliti, Katie</subfield>
<subfield code="e">author</subfield>
</datafield>
<datafield tag="720" ind1=" " ind2=" ">
<subfield code="a">Louis, Elan D.</subfield>
<subfield code="e">author</subfield>
</datafield>
<datafield tag="720" ind1=" " ind2=" ">
<subfield code="a">Fuente Anuncibay, Raquel de la</subfield>
<subfield code="e">author</subfield>
</datafield>
<datafield tag="260" ind1=" " ind2=" ">
<subfield code="c">2017-08</subfield>
</datafield>
<datafield tag="520" ind1=" " ind2=" ">
<subfield code="a">Background: Little is known about the academic performance of students with tic disorders (TD). Our aim was to investigate the association of TD and poor academic performance over time. Methods: Longitudinal, observational study of mainstream schoolchildren comparing grade retention (GR) and learning disorders (LD) in students with vs. without TD between 2010 and 2014. Students with vs. without TD based on DSM-IV-TR criteria, or with vs. without GR and LD were compared in terms of comorbidities, school, and environmental characteristics. The association of TD with GR was analyzed using hazard ratios (HRs) with 95% CIs, and with LD using logistic regression analysis [Odds ratio (OR)]. Results: Two hundred fifty-eight students were included (mean age 14.0 ± 1.71 years, 143 [55.4%] males). The incident rate for TD and GR was 2.6 and 3.3 per 100 persons-year, respectively. LD found in 21 (9.9%) students was associated with TD (OR 11.62, 95% CI 2.21-60.90, p = 0.004), and attention deficit hyperactivity disorder (ADHD; OR 6.63, 95% CI 1.55-28.37, p = 0.01). Low psychological support (HRs 12.79, 95% CI 3.39-48.17) and low sport participation (HRs 6.41, 95% CI 1.54-26.78) were risk factors for GR. Conclusions: TD was associated with academic difficulties, namely, LD in conjunction with ADHD but not GR. The diagnosis of TD and comorbidities, and the initiation of proper treatment could have a favorable impact on school performance, and consequently on social development.</subfield>
</datafield>
<datafield tag="024" ind2=" " ind1="8">
<subfield code="a">0251-5350</subfield>
</datafield>
<datafield tag="024" ind2=" " ind1="8">
<subfield code="a">http://hdl.handle.net/10259/8251</subfield>
</datafield>
<datafield tag="024" ind2=" " ind1="8">
<subfield code="a">10.1159/000479517</subfield>
</datafield>
<datafield tag="024" ind2=" " ind1="8">
<subfield code="a">1423-0208</subfield>
</datafield>
<datafield ind1=" " ind2=" " tag="653">
<subfield code="a">Tics</subfield>
</datafield>
<datafield ind1=" " ind2=" " tag="653">
<subfield code="a">Tourette syndrome</subfield>
</datafield>
<datafield ind1=" " ind2=" " tag="653">
<subfield code="a">Learning disability</subfield>
</datafield>
<datafield ind1=" " ind2=" " tag="653">
<subfield code="a">Attention deficit disorder</subfield>
</datafield>
<datafield ind1=" " ind2=" " tag="653">
<subfield code="a">Movement disorders</subfield>
</datafield>
<datafield ind1=" " ind2=" " tag="653">
<subfield code="a">Education</subfield>
</datafield>
<datafield ind1=" " ind2=" " tag="653">
<subfield code="a">Chronic tic disorder</subfield>
</datafield>
<datafield ind1=" " ind2=" " tag="653">
<subfield code="a">Prevalence</subfield>
</datafield>
<datafield ind1=" " ind2=" " tag="653">
<subfield code="a">Incidence</subfield>
</datafield>
<datafield tag="245" ind1="0" ind2="0">
<subfield code="a">The Association of Poor Academic Performance with Tic Disorders: A Longitudinal, Mainstream School-Based Population Study</subfield>
</datafield>
</record></metadata></record></GetRecord></OAI-PMH>